Countries Closest to Poland - 30 Second Sprint - Statistics

General Stats
  • This quiz has been taken 98 times
  • The average score is 11 of 20
Answer Stats
km country miles % Correct
0 Germany 0
96%
0 Czechia 0
82%
0 Russia 0
81%
0 Slovakia 0
81%
0 Lithuania 0
80%
190 Latvia 118
76%
0 Ukraine 0
74%
76 Hungary 47
72%
0 Belarus 0
67%
396 Estonia 246
64%
143 Austria 89
58%
94 Denmark 59
49%
101 Romania 63
48%
154 Sweden 96
45%
287 Moldova 178
31%
345 Slovenia 214
28%
334 Serbia 208
24%
464 Netherlands 288
21%
454 Italy 282
19%
370 Croatia 230
16%
No matching quizzes found
Score Distribution
Percent of People with Each Score
Percentile by Number Answered
Your Score History
You have not taken this quiz